| 000 | nam a22 7a 4500 | ||
|---|---|---|---|
| 999 |
_c50915 _d50915 |
||
| 003 | OSt | ||
| 005 | 20211019113925.0 | ||
| 008 | 211019b xxu||||| |||| 00| 0 eng d | ||
| 040 |
_cIIMT UNIVERSITY _dIIMT UNIVERSITY |
||
| 100 | _aDR. SRIVASTAVA, S | ||
| 245 |
_aASHTANG SANGRIHA _cAUTHOR _hHINDI |
||
| 250 | _a1 | ||
| 260 |
_aVARANASI _bCHAUKHAMBHA _c2020 |
||
| 300 |
_a565 P P _bPAPERBACK |
||
| 760 | _b1ST | ||
| 856 |
_3PAPERBACK _u617.541SRI _zASHTANG SANGRIHA |
||
| 887 | _2TITLE | ||
| 942 |
_2ddc _c01 _e1ST _hTITLE _iBOOK _k617.541SRI _m617.541SRI |
||